| 000 | 01004cam a22002657a 4500 | ||
|---|---|---|---|
| 999 |
_c14481 _d14481 |
||
| 003 | EG-ScBUE | ||
| 005 | 20201124141925.0 | ||
| 008 | 100714s1995 ua f b 000 0 ara d | ||
| 040 |
_aEG-ScBUE _bara _erda _dEG-ScBUE _cEG-ScBUE |
||
| 082 | 0 | 4 |
_a892.709 _bش ر ف _222 |
| 245 | 1 | 2 |
_aالتفسير الإعلامي لأدب المقالة / _cتأليف الدكتور عبد العزيز شرف. |
| 264 | 1 |
_aالقاهرة : _bدار عالم المعرفة لنشر وتوزيع الكتاب، _c1995. |
|
| 300 |
_a380 صفحة ؛ _c24 سم |
||
| 336 |
_2rdacontent _aنص _btxt |
||
| 337 |
_2rdamedia _aبدون وسيط _bn |
||
| 338 |
_2rdacarrier _aمجلد _bnc |
||
| 504 | _aيشتمل على إرجاعات ببليوجرافية. | ||
| 541 |
_aألف باء ؛ _cشراء ؛ |
||
| 590 | _amahmoud sami | ||
| 650 | 7 |
_aالأدب العربي _xتاريخ ونقد. _2BUEsh _916299 |
|
| 651 | _2BUEsh | ||
| 653 |
_bARALIT _cJanuary2020 |
||
| 655 |
_vReading book _934232 |
||
| 942 |
_2ddc _cBB |
||